| 000 | 00482pab a2200193 454500 | ||
|---|---|---|---|
| 008 | 180718b2009 xxu||||| |||| 00| 0 eng d | ||
| 100 | _aGirish, Mahajan | ||
| 245 | _aDiversification of rural economy: effect on income, consumption, and poverty | ||
| 260 | _c2009 | ||
| 300 | _ap.273-89. | ||
| 362 | _aAug | ||
| 650 | _aPoverty | ||
| 650 | _aConsumption | ||
| 650 | _aIncome | ||
| 650 | _aRural economy | ||
| 773 | _aAsian Economic Review | ||
| 908 | _aN | ||
| 909 | _a84179 | ||
| 999 |
_c84179 _d84179 |
||